| 000 | 00866nam a2200265Ia 4500 | ||
|---|---|---|---|
| 003 | OSt | ||
| 005 | 20220928112229.0 | ||
| 006 | a|||||r|||| 00| 0 | ||
| 007 | ta | ||
| 008 | 220927b |||||||| |||| 00| 0 eng d | ||
| 020 | _c5271.1999999999998 | ||
| 024 | _a129551 | ||
| 037 |
_b201, 03/03/2016, Excel Book International _cTextual |
||
| 040 |
_aSDCL _cSDCL _beng |
||
| 041 |
_2eng _aeng |
||
| 082 | _aO-3M( D6,8(B) ), Q5 | ||
| 100 |
_aALFANO Veronica Ed. _9426895 |
||
| 245 | 0 |
_aVirtual victorians _b Networks, connections, technologies |
|
| 260 |
_aNew York _b Palgrave macmillan _c2015 |
||
| 300 |
_aix,281p. _ccm. |
||
| 650 | _aEnglish | ||
| 700 |
_a STAUFFER Andrew _9426896 |
||
| 942 |
_hO-3M( D6,8(B) ), Q5 _cTEXL _2CC |
||
| 999 |
_c743800 _d743800 |
||